| 000 | 00876nam a2200277Ia 4500 | ||
|---|---|---|---|
| 003 | OSt | ||
| 005 | 20221006155844.0 | ||
| 006 | a|||||r|||| 00| 0 | ||
| 007 | ta | ||
| 008 | 221006b |||||||| |||| 00| 0 eng d | ||
| 020 |
_a9780824832230 _c¥3402 |
||
| 024 | _a43,684 | ||
| 037 |
_bGift, Japan Foundation _cTextual |
||
| 040 |
_aEASL _cEASL _beng |
||
| 041 |
_2eng _aeng |
||
| 082 | _aNW42v, P8 | ||
| 100 |
_aBaskett Michael _9670631 |
||
| 245 | 0 |
_aAttractive Empire _b Transnational film culture in Imperial Japan |
|
| 260 |
_aHonolulu _bUniversity of Hawai's Press _c2008 |
||
| 300 |
_a216p. _ccm. |
||
| 650 | _a JEL | ||
| 650 |
_a Motion pictures - Japan - History _9670632 |
||
| 650 |
_aMotion pictures - Japanese - Asia - History _9670633 |
||
| 942 |
_hNW42v, P8 _cTEXL _2CC |
||
| 999 |
_c1111770 _d1111770 |
||